000 00333 a2200157 4500
001 161534
020 _a
040 _cMagnum
100 _aSegatto, Eline Maria Ianni
240 1 0 _aRebelioes tenentistas
_lpor
245 1 0 _aRebelioes tenentistas
362 0 _a1899
440 1 _aÁtica
697 _aPARADIDATICO
942 _cBK
999 _c161534
_d161534